Famille et propriete dans le royaume de Naples (XVe-XIXe siecle)

Saved in:
Bibliographic Details
Main Author: Delille, Gerard
Format: Book
Language:Greek
Published: Rome : Paris : Ecole Francaise de Rome, Editions de l'ecole des hautes etudes en sciences sociales, 1985
Series:Bibliotheque des ecoles d'francaises d'Athenes et de Rome ; ; 259
Demographie et societes ; ; 18
Subjects:
Tags: Add Tag
No Tags, Be the first to tag this record!

MARC

LEADER 00000nam a2200000 i 4500
001 1/2978
008 000516s1985 gre d
020 |a 2-7283-0079-8 
035 |l 10060635 
040 |a GR-MY-UA  |b gre  |e aacr 
041 0 |a gre 
082 0 |a 306.8094573 
100 1 |a Delille, Gerard. 
245 1 0 |a Famille et propriete dans le royaume de Naples (XVe-XIXe siecle) /  |c par Gererd Delille 
260 |a Rome :   |a Paris :   |b Ecole Francaise de Rome,   |b Editions de l'ecole des hautes etudes en sciences sociales,   |c 1985 
300 |a 482 p.  |b ill. 
490 1 |a Bibliotheque des ecoles d'francaises d'Athenes et de Rome  |v ; 259 
490 1 |a Demographie et societes  |v ; 18 
504 |a Bibliography: p.[347]-451: Includes index 
650 0 0 |a Family  |z Italy  |z Naples (Kingdom)  |x History. 
650 0 0 |a Property  |z Italy  |z Naples (Kingdom)  |x History. 
650 0 0 |a Inheritance and succession  |z Italy  |z Naples (Kingdom)  |x History. 
830 0 |a Bibliotheque des ecoles d'francaises d'Athenes et de Rome ;  |v ; 259 
830 0 |a Demographie et societes ;  |v ; 18 
852 |a INST  |b LESVOS  |e 20000516  |h 306.8094573 DEL  |p 005100026395  |q 005100026395  |t BK  |y 0 
901 |a BIBL1-2000-2 
909 |a Λ  |b 078097 
922 |a 1ΕΛΗ  |b 200005  |c ΚΠΣ/ΤΚΑ  |d ΠΑΠΑΣΩΤΗΡΙΟΥ 
950 |a 117-1999-11-26 
970 |a ΤΖΑΦΕΡΗ  |b ΕΥΑΓΓΕΛΙΑ  |z 2000/05/29